| 000 | 00868 a2200241 4500 | ||
|---|---|---|---|
| 001 | 60666 | ||
| 005 | 20260407155858.0 | ||
| 008 | 260407a2001 arg spa d | ||
| 003 | AR-UNSa-BCEJYS | ||
| 040 |
_aAR-UNSa-BCEJYS _bspa _cAR-UNSa-BCEJYS |
||
| 080 |
_a316.334.3 _xSociología de subsistemas e instituciones políticas. Sociología política |
||
| 245 | 1 | 0 | _aEn busca de la política |
| 020 | _a978-950-557-363-9 | ||
| 264 | 1 |
_aMéxico : _bFondo de Cultura Económica _c2001 |
|
| 300 |
_a218 p. _c23 cm. |
||
| 505 | _a1. En busca de espacio público - 2. En busca de agencia – 3. En busca de visión | ||
| 041 | _aspa | ||
| 942 | _cBK | ||
| 590 | _aniveau_biblio:m niveau_hierar:0 | ||
| 100 | 1 | _aBauman, Zygmunt | |
| 700 | 1 | _aRosenberg, Mirta | |
| 856 | 4 | 1 |
_uhttps://www.biblioeco.unsa.edu.ar/pmb/images/libros/L129296.jpg _yImagen de portada _qimage/jpeg |
| 999 |
_c7101 _d7101 |
||